中国中车下属各分公司 CRRC's subsidiaries - Statistics

General Stats
  • This quiz has been taken 24 times
    23 since last reset
  • The average score is 24 of 59
Answer Stats
全称 简称 % Correct
中车长春轨道客车股份有限公司 中车{长客股份}公司
100%
中车株洲车辆有限公司 中车{株辆}公司
95%
中车株洲电力机车有限公司 中车{株机}公司
95%
中车株洲电机有限公司 中车{株洲电机}公司
95%
中车株洲电力机车研究所有限公司 中车{株洲}所
95%
中车青岛四方机车车辆股份有限公司 中车{四方股份}公司
91%
青岛中车四方轨道车辆有限公司 中车{四方车辆}公司
91%
中车青岛四方车辆研究所有限公司 中车{四方}所
91%
青岛四方阿尔斯通铁路运输设备有限公司 中车{AST}公司
91%
中车南京浦镇车辆有限公司 中车{浦镇}公司
77%
中车唐山机车车辆有限公司 中车{唐山}公司
73%
中车沈阳机车车辆有限公司 中车{沈阳}公司
64%
中车西安车辆有限公司 中车{西安}公司
64%
广州电力机车有限公司 中车{广州}公司
64%
中车大连机车车辆有限公司 中车{大连}公司
59%
中车大连电力牵引研发中心有限公司 中车{大连电牵}公司
59%
中车成都机车车辆有限公司 中车{成都}公司
59%
中车大连机车研究所有限公司 中车{大连}所
59%
中车(重庆)智慧轨道交通技术有限公司 中车{重庆}公司
59%
天津电力机车有限公司 中车{天津}公司
59%
中车哈尔滨车辆有限公司 中车{哈尔滨}公司
55%
中车太原机车车辆有限公司 中车{太原}公司
55%
中车石家庄车辆有限公司 中车{石家庄}公司
50%
中车洛阳机车有限公司 中车{洛阳}公司
50%
中车齐车集团有限公司 中车{齐车}集团
45%
中车齐齐哈尔车辆有限公司 中车{齐车}公司
45%
中车兰州机车有限公司 中车{兰州}公司
45%
中车大同电力机车有限公司 中车{大同}公司
45%
中车贵阳车辆有限公司 中车{贵阳}公司
45%
中车戚墅堰机车有限公司 中车{戚墅堰}公司
27%
中车戚墅堰机车车辆工艺研究所股份有限公司 中车{戚墅堰}所
27%
中车永济电机有限公司 中车{永济电机}公司
23%
宝鸡中车时代工程机械有限公司 中车{宝鸡时代}
23%
中车山东风电有限公司 中车{山东风电}公司
18%
中车山东机车车辆有限公司 中车{山东}公司
18%
中车长江运输设备集团有限公司 中车{长江}集团
18%
中车长江车辆有限公司 中车{长江}公司
18%
中车眉山车辆有限公司 中车{眉山}公司
18%
株洲中车时代电气股份有限公司 中车{时代电气}
18%
株洲时代新材料科技股份有限公司 中车{时代新材}
18%
中国中车(香港)有限公司 中车{香港}公司
18%
中国中车香港资本管理有限公司 中车{香港资本}公司
18%
中车北京南口机械有限公司 中车{南口}公司
14%
中车广东轨道交通车辆有限公司 中车{广东}公司
14%
中车长江铜陵车辆有限公司 中车{铜陵}公司
14%
中车资阳机车有限公司 中车{资阳}公司
14%
中车智能交通工程技术有限公司 中车{工程技术}公司
14%
中车国际有限公司 中车{国际}公司
14%
中车资本管理有限公司 中车{资本}公司
14%
中车资产管理有限公司 中车{资产}公司
14%
中车信息技术有限公司 中车{信息}公司
14%
中车工业研究院有限公司 中车{研究院}
14%
中车常州车辆有限公司 中车{常州}公司
9%
中车物流有限公司 中车{物流}公司
9%
中车城市交通规划设计研究院有限公司 中车{规划设计院}公司
9%
中车财务有限公司 中车{财务}公司
9%
中车科技创新(北京)有限公司 中车{科创}公司
9%
中车制动系统有限公司 中车{制动}公司
5%
中车启航新能源技术有限公司 中车{启航}公司
5%
No matching quizzes found
Score Distribution
Percent of People with Each Score
Percentile by Number Answered
Your Score History
You have not taken this quiz since the last reset